La prensa libre (Registro nro. 160569)

Detalles MARC
000 -LEADER
campo de control de longitud fija 00893nam a22002055i 4500
001 - NÚMERO DE CONTROL
campo de control 160569
003 - IDENTIFICADOR DE NÚMERO DE CONTROL
campo de control ES-MaACL
005 - FECHA Y HORA DE LA ÚLTIMA TRANSACCIÓN
campo de control 20240524063007.0
008 - DATOS DE LONGITUD FIJA--INFORMACIÓN GENERAL
campo de control de longitud fija 990726s1844 sp |||| | spa d
040 ## - FUENTE DE CATALOGACIÓN
Centro catalogador/agencia de origen CCPB | B
Lengua de catalogación spa
Centro/agencia transcriptor CCPB | B
100 0# - ENTRADA PRINCIPAL--NOMBRE DE PERSONA
Nombre de persona Navarro Villoslada, Francisco,
Fechas asociadas al nombre 1818-1895
9 (RLIN) 85180
245 13 - MENCIÓN DEL TÍTULO
Título La prensa libre
Resto del título : comedia original en tres actos y en verso /
Mención de responsabilidad, etc. de Francisco Navarro Villoslada.
260 ## - PUBLICACIÓN, DISTRIBUCIÓN, ETC.
Lugar de publicación, distribución, etc. Madrid :
Nombre del editor, distribuidor, etc. [Manuel Delgado],
Fecha de publicación, distribución, etc. 1844 (
Fabricante Imprenta de José Repullés)
300 ## - DESCRIPCIÓN FÍSICA
Extensión 83 p. ;
Dimensiones 19 cm.
490 1# - MENCIÓN DE SERIE
Mención de serie Galería dramática
596 ## - NOTA AL PIE DE IMPRENTA
NOTA AL PIE DE IMPRENTA Nombre del ed. y serie tomados de la cub.
830 0# - PUNTO DE ACCESO ADICIONAL DE SERIE-TÍTULO UNIFORME
Título uniforme Galería dramática
9 (RLIN) 186796
852 ## - LOCALIZACIÓN
Ubicación ES-MaACL
Número de control de estantería F-8620(6)
Nota libre -- Enc. pasta española
condición física -- Falto de la cub. original
Nota libre -- Enc. en un vol. facticio formando parte de la col. facticia "Teatro español moderno", vol. 75
Existencias
Estatus retirado Estado de pérdida Estado de daño No para préstamo Colección Biblioteca de origen Biblioteca actual Ubicación en estantería Fecha de adquisición Total de préstamos Signatura topográfica completa Código de barras Visto por última vez Precio de reemplazo Tipo de ítem Koha
        Libros del s. XIX Biblioteca del Ateneo de Madrid Biblioteca del Ateneo de Madrid Sala Pecera Planta 2 17/01/2008   F-8620(6) 1168128 23/02/2023 23/02/2023 Libro impreso antiguo